La réponse est un légume - Statistiques

Statistiques générales
  • Ce quiz a été pris 7 fois
  • Le résultat moyen est 10 sur 16
Statistiques - réponses
Indices Réponse % Correct
Juriste dont la fonction est de défendre ses clients Avocat
100%
Objet de petite taille dans la galette des rois Fève
100%
Petit gâteau soufflé fourré à la crème Chou
86%
Film jugé mauvais et ennuyeux Navet
86%
Prélèvement cylindrique du sous-sol, notamment glaciaire Carotte
71%
Permet de corriger les problèmes de vue Lentille
71%
Jeu de cour de récréation où une balle doit passer entre des jambes Tomate
71%
Boisson remplaçant le café souvent associée à la marque Ricoré Chicorée
57%
Nom du révérend au Cluedo ainsi que fiancée de Popeye Olive
57%
Fric, pognon, argent Oseille
57%
Un mensonge, un baratin, une imposture Salade
57%
Meilleur ami de Oui-Oui Potiron
43%
Personne trop grande et trop maigre Asperge
29%
Couleur violet sombre, proche de bordeaux Aubergine
29%
Première femme cheffe du gouvernement français Cresson
29%
Projectile autopropulsé, fusée de guerre Roquette
14%
Aucun quiz correspondant
Distribution des résultats
% des personnes avec chaque résultat
Percentile par nombre de réponses
Votre historique - résultats
Vous n’avez pas pris ce quiz